Normal view
MARC view
- Foundations. Soil mechanics
Entry Topical Term
001 - CONTROL NUMBER
- control field: 4538
003 - CONTROL NUMBER IDENTIFIER
- control field: JO-AjAnu
005 - DATE AND TIME OF LATEST TRANSACTION
- control field: 20230606071036.0
008 - FIXED-LENGTH DATA ELEMENTS
- fixed length control field: 230606|| aca||aabn | a|a d
040 ## - CATALOGING SOURCE
- Original cataloging agency: JO-AjAnu
- Transcribing agency: JO-AjAnu
150 ## - HEADING--TOPICAL TERM
- Topical term or geographic name entry element: Foundations. Soil mechanics
670 ## - SOURCE DATA FOUND
- Source citation: Work cat.: (JO-AjAnu)2352: Murthy, author 4537, Advanced foundation engineering